[Event "First Saturday 2011 marcius IM"]
[Site "Budapest"]
[Date "2011.03.11"]
[Round "7"]
[White "Battey, Alexander"]
[Black "Koczo, Kristof"]
[Result "1/2-1/2"]
[WhiteElo "2260"]
[BlackElo "2264"]
[PlyCount "117"]
[EventDate "2011.03.05"]

1. d4 d5 2. Bf4 Nf6 3. e3 c6 4. c4 Bf5 5. Nc3 e6 6. Qb3 b6 7. Rc1 Bd6 8. Bxd6
Qxd6 9. Nf3 Nbd7 10. cxd5 Nxd5 11. Nh4 O-O 12. Nxf5 exf5 13. Bd3 f4 14. Nxd5
cxd5 15. O-O Nf6 16. Rce1 Rae8 17. Bb5 Re6 18. exf4 Qxf4 19. Rxe6 fxe6 20. Qe3
Ne4 21. g3 Qxe3 22. fxe3 Nd6 23. Rxf8+ Kxf8 24. Bd3 h6 25. Kf2 Ke7 26. b3 Kf6
27. Ke2 e5 28. Kf2 g5 29. g4 Ne8 30. Be2 Nc7 31. Bf3 Ke6 32. Ke2 Kd6 33. Kd2
Ne6 34. Kc3 exd4+ 35. exd4 Nf4 36. Bd1 Kc6 37. Bf3 Kb5 38. a4+ Kc6 39. Bd1 a5
40. Bc2 Nh3 41. Bd1 Ng1 42. Kd2 b5 43. Be2 bxa4 44. bxa4 Nh3 45. Ke3 Nf4 46.
Bf1 Ng6 47. Bb5+ Kd6 48. Bd3 Ne7 49. Bb5 Ng8 50. Be2 Nf6 51. Bf3 Nd7 52. Be2
Nb6 53. Bb5 Ke7 54. Kd3 Kf6 55. Kc3 Nc8 56. Bd3 Nd6 57. Kd2 Ke6 58. Ke3 Kf6 59.
Kd2 1/2-1/2

[Event "First Saturday 2011 marcius IM"]
[Site "Budapest"]
[Date "2011.03.11"]
[Round "7"]
[White "Bagi, Mate"]
[Black "Lyell, Mark"]
[Result "1/2-1/2"]
[WhiteElo "2238"]
[BlackElo "2181"]
[PlyCount "120"]
[EventDate "2011.03.05"]

1. e4 e5 2. Nf3 Nc6 3. Bb5 f5 4. Nc3 Nf6 5. exf5 e4 6. Ng5 d5 7. d3 h6 8. Ne6
Bxe6 9. fxe6 Qd6 10. dxe4 Qxe6 11. O-O dxe4 12. Bf4 Bd6 13. Bxd6 cxd6 14. Qd4
O-O 15. Bxc6 bxc6 16. Rad1 d5 17. f3 exf3 18. Rxf3 Rab8 19. b3 Qd6 20. h3 a5
21. Na4 Nh5 22. Rdf1 Ng3 23. Rxf8+ Rxf8 24. Rxf8+ Qxf8 25. Qf2 Ne4 26. Qxf8+
Kxf8 27. Kf1 Ke7 28. Ke2 Kd6 29. a3 Ke5 30. Ke3 Nd6 31. g4 Nb5 32. Nc5 Nxa3 33.
c3 Nb5 34. Kd3 Nd6 35. Ke3 Ne4 36. Nd3+ Kd6 37. Nf4 Ng5 38. h4 Ne6 39. Nd3 c5
40. Nb2 Kc6 41. Kd2 Kb5 42. Kd3 Nf4+ 43. Kd2 c4 44. bxc4+ dxc4 45. Nd1 a4 46.
Kc2 a3 47. Ne3 Kc5 48. Nf5 Ne6 49. Ne3 Kb5 50. Kb1 Nc5 51. Ka2 Ne4 52. Kxa3
Nxc3 53. Nf5 Kc5 54. Nxg7 Nb5+ 55. Kb2 Kb4 56. Nf5 c3+ 57. Kc2 Na3+ 58. Kc1 Nc4
59. g5 hxg5 60. hxg5 Ne5 1/2-1/2

[Event "First Saturday 2011 marcius IM"]
[Site "Budapest"]
[Date "2011.03.11"]
[Round "7"]
[White "To, Nhat Minh"]
[Black "Rzayev, Bahruz"]
[Result "1-0"]
[WhiteElo "2345"]
[BlackElo "2230"]
[PlyCount "107"]
[EventDate "2011.03.05"]

1. d4 c5 2. d5 e5 3. e4 d6 4. Nc3 Be7 5. Nf3 Nf6 6. Be2 Nbd7 7. O-O O-O 8. a4
Ne8 9. a5 a6 10. Nd2 g6 11. Nc4 Bg5 12. Bd3 Bxc1 13. Qxc1 f5 14. exf5 gxf5 15.
f4 e4 16. Be2 b5 17. axb6 Nxb6 18. Ne3 Kh8 19. Qd2 Nc7 20. Na4 Nxa4 21. Rxa4
Qf6 22. c3 Bd7 23. Ra3 Bb5 24. Rfa1 Rab8 25. Bxb5 axb5 26. Ra7 Rf7 27. b4 c4
28. g3 Rg8 29. Rb7 h5 30. Raa7 Rgg7 31. Rb8+ Kh7 32. Qe2 Qg6 33. Ng2 Re7 34.
Rf8 Nxd5 35. Raa8 Qg4 36. Nh4 Rg6 37. Qxg4 Rxg4 38. Rh8+ Kg7 39. Nxf5+ Kf6 40.
Rh6+ Rg6 41. Rf8+ Rf7 42. Rxg6+ Kxg6 43. Rxf7 Kxf7 44. Nxd6+ Kf6 45. Nxe4+ Kf5
46. Nd6+ Kg4 47. Nxb5 Kf3 48. f5 Ke4 49. Kf2 Ne3 50. Nd6+ Kd3 51. Kf3 Nd5 52.
Ne4 Nb6 53. f6 Nd7 54. Nc5+ 1-0

[Event "First Saturday 2011 marcius IM"]
[Site "Budapest"]
[Date "2011.03.11"]
[Round "7"]
[White "Tran, Tuan Minh"]
[Black "Szalanczy, Emil"]
[Result "1-0"]
[WhiteElo "2295"]
[BlackElo "2269"]
[PlyCount "123"]
[EventDate "2011.03.05"]

1. d4 c5 2. d5 e6 3. e4 exd5 4. exd5 d6 5. Nc3 Nf6 6. Nf3 Be7 7. Be2 O-O 8. O-O
Na6 9. Re1 Bf5 10. Bd3 Bxd3 11. Qxd3 Nb4 12. Qd1 Qd7 13. a3 Na6 14. Qd3 Nc7 15.
Bg5 h6 16. Bh4 Rae8 17. h3 Bd8 18. b4 cxb4 19. axb4 a6 20. Rad1 Rxe1+ 21. Rxe1
Re8 22. Rxe8+ Qxe8 23. Qf5 Be7 24. Bxf6 Bxf6 25. Ne4 Be7 26. c4 Qd8 27. Nd4 g6
28. Qf4 Kg7 29. h4 Bxh4 30. Nxd6 Qf6 31. N6f5+ gxf5 32. Qxh4 Qxh4 33. Nxf5+ Kf6
34. Nxh4 b5 35. d6 Ne6 36. cxb5 axb5 37. Nf3 Kf5 38. Kh2 Ke4 39. Kg3 Kd5 40. d7
Nd8 41. Kf4 Kc4 42. Ke5 Kxb4 43. Kd5 Kc3 44. Nd4 b4 45. f4 b3 46. Nxb3 Kxb3 47.
f5 f6 48. Kd6 Kc4 49. g4 Kd4 50. Ke7 Nc6+ 51. Kxf6 Kd5 52. Kg7 Nd8 53. Kf8 Ke5
54. Kg7 Kd6 55. Kxh6 Kxd7 56. Kg7 Ke8 57. g5 Nf7 58. g6 Nd8 59. f6 Ne6+ 60. Kg8
Nf8 61. f7+ Ke7 62. g7 1-0

[Event "First Saturday 2011 marcius IM"]
[Site "Budapest"]
[Date "2011.03.11"]
[Round "7"]
[White "Tesik, Csaba"]
[Black "Farago, Sandor"]
[Result "1-0"]
[WhiteElo "2295"]
[BlackElo "2295"]
[PlyCount "88"]
[EventDate "2011.03.05"]

1. e4 c5 2. Nf3 d6 3. d4 cxd4 4. Nxd4 Nf6 5. Nc3 a6 6. h3 e5 7. Nde2 Be6 8. g4
h6 9. Bg2 Nc6 10. O-O Be7 11. f4 exf4 12. Nxf4 Qb6+ 13. Kh1 Ne5 14. b3 g5 15.
Ncd5 Bxd5 16. Nxd5 Nxd5 17. exd5 O-O-O 18. Bb2 f6 19. c4 Kb8 20. Bd4 Qc7 21.
Rc1 Ng6 22. Be3 Ka8 23. b4 Rde8 24. Qd4 Qb8 25. b5 Bd8 26. bxa6 b6 27. a4 h5
28. a5 Rxe3 29. Qxe3 Nf4 30. Rb1 Ka7 31. axb6+ Bxb6 32. Qe7+ Ka8 33. Qxf6 Rc8
34. a7 Qc7 35. Qf5 Re8 36. Rfe1 Rd8 37. Qxg5 Nxg2 38. Kxg2 hxg4 39. hxg4 Qc5
40. Rxb6 Qxb6 41. Rb1 Qxb1 42. Qxd8+ Kxa7 43. Qa5+ Kb7 44. Qb5+ Qxb5 1-0

[Event "First Saturday 2011 marcius IM"]
[Site "Budapest"]
[Date "2011.03.12"]
[Round "8"]
[White "Rzayev, Bahruz"]
[Black "Tran, Tuan Minh"]
[Result "1/2-1/2"]
[WhiteElo "2230"]
[BlackElo "2295"]
[PlyCount "53"]
[EventDate "2011.03.05"]

1. e4 e6 2. b3 d5 3. Bb2 dxe4 4. Nc3 Nf6 5. Qe2 Be7 6. O-O-O O-O 7. g4 a5 8. a4
b6 9. g5 Ba6 10. gxf6 Bxe2 11. fxe7 Qxe7 12. Ngxe2 f5 13. Rg1 Nd7 14. Nf4 e5
15. Ne6 Rf7 16. Bc4 Kh8 17. d3 Nf6 18. dxe4 fxe4 19. Nb5 c6 20. Nd6 Nd5 21.
Nxf7+ Qxf7 22. Nxg7 Qf4+ 23. Kb1 Rg8 24. Nh5 Rxg1 25. Nxf4 Rxd1+ 26. Ka2 Nb4+
27. Ka3 1/2-1/2

[Event "First Saturday 2011 marcius IM"]
[Site "Budapest"]
[Date "2011.03.12"]
[Round "8"]
[White "Lyell, Mark"]
[Black "To, Nhat Minh"]
[Result "0-1"]
[WhiteElo "2181"]
[BlackElo "2345"]
[PlyCount "82"]
[EventDate "2011.03.05"]

1. e4 c6 2. d4 d5 3. e5 Bf5 4. Nd2 e6 5. Nb3 Nd7 6. Nf3 h6 7. Be3 Ne7 8. a4 Qc7
9. a5 a6 10. c4 Bh7 11. c5 g5 12. Be2 Nf5 13. h3 Bg7 14. O-O f6 15. exf6 Bxf6
16. Nh2 O-O-O 17. Ra4 e5 18. Bg4 Kb8 19. Nf3 e4 20. Nh2 Nf8 21. Bxf5 Bxf5 22.
f4 Bc8 23. Ng4 Bxg4 24. Qxg4 Qd7 25. f5 h5 26. Qe2 Kc8 27. Kh1 Qg7 28. Na1 Nd7
29. Nc2 Rdf8 30. Bg1 g4 31. Be3 Bd8 32. Ra3 Rf7 33. Nb4 Nb8 34. Bf4 Qxd4 35.
Rb3 Bc7 36. Bxc7 Kxc7 37. Qe1 Nd7 38. Qg3+ Qe5 39. Qh4 Nxc5 40. Rc3 d4 41. Rcc1
e3 0-1

[Event "First Saturday 2011 marcius IM"]
[Site "Budapest"]
[Date "2011.03.12"]
[Round "8"]
[White "Lengyel, Bela"]
[Black "Battey, Alexander"]
[Result "1/2-1/2"]
[WhiteElo "2296"]
[BlackElo "2260"]
[PlyCount "120"]
[EventDate "2011.03.05"]

1. e4 c6 2. d4 d5 3. exd5 cxd5 4. Bd3 Nc6 5. c3 Qc7 6. Nf3 Bg4 7. O-O e6 8. h3
Bh5 9. a4 Nf6 10. Re1 Be7 11. Bg5 Bg6 12. Bxg6 hxg6 13. Nbd2 O-O 14. Qe2 Rae8
15. Ne5 Bd6 16. Nd3 e5 17. dxe5 Nxe5 18. Be3 Nc4 19. Nf1 Ne4 20. Qc2 f5 21. Bd4
g5 22. f3 Ng3 23. b3 Na5 24. Rxe8 Rxe8 25. Re1 Rxe1 26. Nxe1 Qe7 27. Nxg3 Bxg3
28. Nd3 Qa3 29. Qb2 Qxb2 30. Nxb2 Nxb3 31. Bxa7 Be5 32. Nd1 f4 33. Kf2 Kf7 34.
Ke2 Ke6 35. Bb6 Bf6 36. Kd3 Kd6 37. Kc2 Nc5 38. Nb2 Nd7 39. Bd4 Bxd4 40. cxd4
Nf8 41. Nd3 Ng6 42. a5 Nh4 43. Nc5 Kc6 44. Ne6 Nxg2 45. Kd2 Ne3 46. Kc3 Kb5 47.
Nxg5 Kxa5 48. Ne6 b5 49. Nxg7 Ka4 50. Ne6 Ka3 51. Nxf4 b4+ 52. Kd2 b3 53. Nd3
Nf5 54. Kc3 Nd6 55. h4 Nb5+ 56. Kd2 Nxd4 57. h5 Nxf3+ 58. Kc1 Ka2 59. h6 Ng5
60. Kd2 b2 1/2-1/2

[Event "First Saturday 2011 marcius IM"]
[Site "Budapest"]
[Date "2011.03.13"]
[Round "9"]
[White "Bagi, Mate"]
[Black "Lengyel, Bela"]
[Result "1-0"]
[WhiteElo "2238"]
[BlackElo "2296"]
[PlyCount "141"]
[EventDate "2011.03.05"]

1. e4 e5 2. Nf3 Nc6 3. Bc4 Nf6 4. Ng5 d5 5. exd5 Na5 6. Bb5+ c6 7. dxc6 bxc6 8.
Bd3 Nd5 9. Nf3 Bd6 10. O-O Nf4 11. Re1 O-O 12. Bf1 c5 13. d3 Nc6 14. Nbd2 Ng6
15. b3 Bb7 16. Bb2 Re8 17. g3 Qc7 18. Bg2 Rad8 19. Nc4 Bf8 20. Nfd2 Nd4 21.
Bxb7 Qxb7 22. Bxd4 cxd4 23. Qf3 Qd7 24. h4 f6 25. a3 Ne7 26. Kg2 Nd5 27. h5 Qf7
28. b4 Re6 29. Ne4 Be7 30. Ned2 Bf8 31. b5 Nc3 32. a4 Bb4 33. Qf5 Rde8 34. f3
Nd5 35. Re2 g6 36. hxg6 hxg6 37. Qh3 Bxd2 38. Rxd2 f5 39. Rh1 Qg7 40. Qh6 f4
41. Qxg7+ Kxg7 42. Rdd1 Rc8 43. Rb1 Ne3+ 44. Nxe3 fxe3 45. Rb2 Re7 46. a5 Rec7
47. Rc1 Kf6 48. b6 axb6 49. axb6 Rb7 50. f4 exf4 51. gxf4 Rc6 52. Rcb1 Ke6 53.
Kf3 Kd5 54. Rg1 Rd6 55. Rb5+ Kc6 56. Rbg5 Rxb6 57. Rxg6 Rb2 58. Rxd6+ Kxd6 59.
Ke4 Rxc2 60. Kxd4 e2 61. Ke3 Ke6 62. Ke4 Kf6 63. Rh1 Ra2 64. Kf3 Rd2 65. Ke3
Rd1 66. Rh6+ Kg7 67. Kxe2 Rxd3 68. Kxd3 Kxh6 69. Ke4 Kg7 70. Ke5 Kf7 71. Kf5
1-0

[Event "First Saturday 2011 marcius IM"]
[Site "Budapest"]
[Date "2011.03.13"]
[Round "9"]
[White "To, Nhat Minh"]
[Black "Koczo, Kristof"]
[Result "0-1"]
[WhiteElo "2345"]
[BlackElo "2264"]
[PlyCount "96"]
[EventDate "2011.03.05"]

1. e4 c6 2. d4 d5 3. e5 e6 4. f4 b6 5. Nf3 Ba6 6. Bxa6 Nxa6 7. Be3 Ne7 8. Qe2
Nc7 9. Nbd2 Nf5 10. Bf2 h5 11. g3 Rc8 12. h3 Be7 13. O-O-O g6 14. Kb1 a5 15. g4
Ng7 16. Rdg1 a4 17. a3 b5 18. c3 Na8 19. Nf1 Nb6 20. N3d2 Nc4 21. Nxc4 bxc4 22.
Qc2 Qa5 23. Ne3 Rb8 24. Ka2 Qb5 25. f5 gxf5 26. gxf5 Nxf5 27. Nxf5 Qb3+ 28.
Qxb3 axb3+ 29. Kb1 exf5 30. Rg7 Kf8 31. Rhg1 f4 32. Be1 c5 33. Bd2 cxd4 34. e6
fxe6 35. Bxf4 Rc8 36. Be5 Ke8 37. cxd4 Kd7 38. Bf6 Rhe8 39. R1g6 Kd8 40. Be5
Rf8 41. Rg1 Bf6 42. Bxf6+ Rxf6 43. Rh7 Rf8 44. Rxh5 Rc7 45. Re5 Rg7 46. Rge1
Rf6 47. a4 Kd7 48. Rh5 Kd6 0-1

[Event "First Saturday 2011 marcius IM"]
[Site "Budapest"]
[Date "2011.03.13"]
[Round "9"]
[White "Tran, Tuan Minh"]
[Black "Lyell, Mark"]
[Result "1-0"]
[WhiteElo "2295"]
[BlackElo "2181"]
[PlyCount "37"]
[EventDate "2011.03.05"]

1. d4 d5 2. Bf4 c5 3. e3 Nc6 4. Nf3 Bg4 5. c3 Qb6 6. Qb3 c4 7. Qc2 Bf5 8. Qxf5
Qxb2 9. Qxd5 e6 10. Qxc4 Ba3 11. Qb3 Qxa1 12. Qxb7 Nd8 13. Qb3 Ne7 14. Bb5+
Ndc6 15. O-O Bb2 16. Nbd2 Bc1 17. Ne5 O-O 18. Nd3 Na5 19. Qc2 1-0

[Event "First Saturday 2011 marcius IM"]
[Site "Budapest"]
[Date "2011.03.13"]
[Round "9"]
[White "Tesik, Csaba"]
[Black "Rzayev, Bahruz"]
[Result "1-0"]
[WhiteElo "2295"]
[BlackElo "2230"]
[PlyCount "115"]
[EventDate "2011.03.05"]

1. e4 e5 2. Nf3 Nc6 3. Bb5 a6 4. Ba4 d6 5. c3 Bd7 6. d4 g6 7. O-O Bg7 8. Re1 b5
9. Bb3 Nf6 10. Bg5 h6 11. Bh4 O-O 12. Nbd2 Re8 13. dxe5 dxe5 14. Nf1 Na5 15.
Bc2 Nc4 16. b3 Nd6 17. N3d2 g5 18. Bg3 h5 19. h4 Ng4 20. Nf3 f6 21. Qe2 Nh6 22.
Rad1 g4 23. N3d2 Qe7 24. Ne3 Bc6 25. c4 Rad8 26. a3 Ndf7 27. b4 a5 28. c5 axb4
29. axb4 Rd4 30. Rb1 Nd8 31. Bb3+ Kh8 32. Bd5 Qd7 33. Nc2 Bxd5 34. Nxd4 exd4
35. Qd3 Bf7 36. Nb3 f5 37. e5 Nc6 38. Qxb5 Qd5 39. e6 Rxe6 40. Rxe6 Qxe6 41.
Bxc7 Qe4 42. Nd2 Qc2 43. Bf4 Bd5 44. Qe2 Be4 45. b5 Nd8 46. c6 Ne6 47. Bg3 d3
48. Qe3 Nd4 49. b6 Ne2+ 50. Kh2 Nxg3 51. fxg3 Qxc6 52. b7 Be5 53. b8=Q+ Bxb8
54. Rxb8+ Ng8 55. Qg5 Qe6 56. Qxh5+ Kg7 57. Qg5+ Kh7 58. Nxe4 1-0

[Event "First Saturday 2011 marcius IM"]
[Site "Budapest"]
[Date "2011.03.13"]
[Round "9"]
[White "Farago, Sandor"]
[Black "Szalanczy, Emil"]
[Result "1-0"]
[WhiteElo "2295"]
[BlackElo "2269"]
[PlyCount "148"]
[EventDate "2011.03.05"]

1. e4 c5 2. Nf3 d6 3. c3 Nf6 4. e5 dxe5 5. Nxe5 Nbd7 6. f4 e6 7. d4 Be7 8. Bd3
O-O 9. O-O Qb6 10. Kh1 g6 11. Na3 cxd4 12. Nac4 Qc7 13. cxd4 Nb6 14. b3 Nbd5
15. a4 Bd7 16. Bd2 Nb4 17. Bb1 Bc6 18. Qe1 a5 19. Qe3 Bd5 20. Rc1 Qd8 21. Be1
Nc6 22. Bf2 Rc8 23. Bd3 Nh5 24. Kg1 Bb4 25. Be2 Ng7 26. g4 f6 27. Nd3 Be7 28.
Rd1 Nb4 29. Nxb4 Bxb4 30. Rac1 Rc6 31. Qd3 Qc7 32. Bg3 f5 33. h3 Rc8 34. Qe3
Ne8 35. Kh2 Nd6 36. g5 Ne4 37. h4 Bd6 38. Rf1 Qd8 39. Bd3 Bb8 40. Rc2 R8c7 41.
Be1 b6 42. Kg1 Nd6 43. Rff2 Qe8 44. Qe2 Ne4 45. Rh2 Rg7 46. Qe3 Qd8 47. Ne5
Rxc2 48. Bxc2 Rc7 49. h5 gxh5 50. Bd1 Rg7 51. Bf3 Nf6 52. Bxh5 Nxh5 53. Rxh5
Bb7 54. Kf2 Qd5 55. Rh2 h6 56. Bd2 Bxe5 57. Qxe5 Qxe5 58. dxe5 hxg5 59. fxg5
Rd7 60. Be3 Rd3 61. Rh6 Bd5 62. Rg6+ Kh7 63. Rh6+ Kg7 64. Bxb6 Bxb3 65. Bxa5 f4
66. Bc7 f3 67. Rf6 Bd5 68. a5 Rd2+ 69. Kg3 Rg2+ 70. Kf4 Ra2 71. Bb6 Ra4+ 72.
Kg3 Ra2 73. Bc5 Rg2+ 74. Kh4 Be4 1-0

[Event "First Saturday 2011 marcius IM"]
[Site "Budapest"]
[Date "2011.03.14"]
[Round "10"]
[White "Rzayev, Bahruz"]
[Black "Farago, Sandor"]
[Result "1/2-1/2"]
[WhiteElo "2230"]
[BlackElo "2295"]
[PlyCount "69"]
[EventDate "2011.03.05"]

1. e4 c5 2. Nc3 Nc6 3. Bb5 Nd4 4. Bc4 e6 5. Nf3 a6 6. a4 Ne7 7. Nxd4 cxd4 8.
Ne2 d5 9. exd5 Nxd5 10. O-O Nb6 11. Bd3 Be7 12. c3 e5 13. cxd4 exd4 14. a5 Nd7
15. Qa4 Bf6 16. Nxd4 O-O 17. Nb3 Ne5 18. Be4 Bd7 19. Qb4 Bb5 20. Re1 Nd3 21.
Bxd3 Qxd3 22. Nc5 Qd6 23. d3 Be5 24. h3 Rac8 25. Be3 Rfd8 26. Rac1 Bc6 27. f4
Qg6 28. Qd2 Bf6 29. Qf2 Qh5 30. Kh2 Qd5 31. Ne4 Be7 32. Bb6 Rd7 33. d4 Bf8 34.
Nc5 Bxc5 35. Bxc5 {after 41 move} 1/2-1/2

[Event "First Saturday 2011 marcius IM"]
[Site "Budapest"]
[Date "2011.03.14"]
[Round "10"]
[White "Lyell, Mark"]
[Black "Tesik, Csaba"]
[Result "1/2-1/2"]
[WhiteElo "2181"]
[BlackElo "2295"]
[PlyCount "94"]
[EventDate "2011.03.05"]

1. e4 c5 2. c3 d5 3. exd5 Qxd5 4. d4 g6 5. dxc5 Qxc5 6. Na3 Bg7 7. Nb5 a6 8.
Be3 Qc6 9. Na7 Qc7 10. Nxc8 Qxc8 11. g3 Nf6 12. Bg2 O-O 13. Qb3 Nc6 14. Ne2 b5
15. O-O Rb8 16. Nd4 Nxd4 17. Bxd4 Qc7 18. Rfe1 Ng4 19. Bxg7 Kxg7 20. Qb4 Ne5
21. Qe4 f6 22. f4 Qb6+ 23. Qe3 Nc4 24. Qxb6 Rxb6 25. Rxe7+ Rf7 26. Rxf7+ Kxf7
27. b3 Ne3 28. Re1 Nxg2 29. Kxg2 Rd6 30. Kf2 Rd3 31. Re3 Rd1 32. Re2 Rc1 33.
Ke3 Rxc3+ 34. Kd4 Rc1 35. Kd5 h5 36. Kd6 g5 37. f5 Rf1 38. Re7+ Kf8 39. Ra7
Rxf5 40. Ke6 Rf2 41. a4 bxa4 42. bxa4 g4 43. a5 Rxh2 44. Kxf6 Ke8 45. Kg5 h4
46. Kxg4 hxg3 47. Kxg3 Ra2 1/2-1/2

[Event "First Saturday 2011 marcius IM"]
[Site "Budapest"]
[Date "2011.03.14"]
[Round "10"]
[White "Koczo, Kristof"]
[Black "Tran, Tuan Minh"]
[Result "0-1"]
[WhiteElo "2264"]
[BlackElo "2295"]
[PlyCount "82"]
[EventDate "2011.03.05"]

1. d4 e6 2. c4 f5 3. g3 Nf6 4. Bg2 c6 5. Nf3 d5 6. O-O Bd6 7. Nc3 O-O 8. Qc2
Ne4 9. Rb1 Nd7 10. b4 a6 11. c5 Bc7 12. Bf4 Bxf4 13. gxf4 Rf6 14. Rb3 Rh6 15.
Nxe4 fxe4 16. Ng5 e5 17. Bxe4 Nf6 18. Bf5 exf4 19. Be6+ Bxe6 20. Nxe6 Qd7 21.
Nxf4 Qc7 22. Qf5 Ne4 23. Rg3 Nxg3 24. fxg3 Rf6 25. Qg4 Qe7 26. Rf3 Raf8 27. Kg2
Qe4 28. e3 Rf5 29. h4 h5 30. Qh3 Qb1 31. g4 hxg4 32. Qxg4 Qxa2+ 33. Rf2 Qb1 34.
h5 R8f6 35. Rf3 Qe4 36. Kg3 Rf7 37. h6 g5 38. Kh2 Kh7 39. Rg3 R7f6 40. Rh3 Rg6
41. Rh5 gxf4 0-1

[Event "First Saturday 2011 marcius IM"]
[Site "Budapest"]
[Date "2011.03.14"]
[Round "10"]
[White "Lengyel, Bela"]
[Black "To, Nhat Minh"]
[Result "1/2-1/2"]
[WhiteElo "2296"]
[BlackElo "2345"]
[PlyCount "30"]
[EventDate "2011.03.05"]

1. e4 c6 2. d4 d5 3. exd5 cxd5 4. Bd3 Nc6 5. c3 Qc7 6. Ne2 Bg4 7. Bf4 Bxe2 8.
Bxc7 Bxd1 9. Kxd1 Rc8 10. Bf4 Nf6 11. Nd2 g6 12. Re1 Bg7 13. Nf3 O-O 14. a4 Na5
15. Re2 e6 1/2-1/2

[Event "First Saturday 2011 marcius IM"]
[Site "Budapest"]
[Date "2011.03.14"]
[Round "10"]
[White "Battey, Alexander"]
[Black "Bagi, Mate"]
[Result "1/2-1/2"]
[WhiteElo "2260"]
[BlackElo "2238"]
[PlyCount "72"]
[EventDate "2011.03.05"]

1. d4 Nf6 2. c4 g6 3. Nc3 d5 4. cxd5 Nxd5 5. e4 Nxc3 6. bxc3 Bg7 7. Bg5 O-O 8.
Rc1 c5 9. Nf3 h6 10. Be3 Qa5 11. Qd2 cxd4 12. cxd4 Qxd2+ 13. Nxd2 Nc6 14. Nb3
e6 15. Bb5 Rd8 16. Bxc6 bxc6 17. O-O Bd7 18. e5 Bf8 19. Rfd1 Kg7 20. g4 Be7 21.
Nc5 Be8 22. Ne4 Rab8 23. Rb1 Rb6 24. Nc5 Rdb8 25. Rb3 Rxb3 26. axb3 g5 27. Ra1
Bxc5 28. dxc5 Rb7 29. Bd2 f5 30. exf6+ Kxf6 31. Bc3+ e5 32. b4 Bf7 33. Re1 Re7
34. Kg2 Bd5+ 35. Kg3 a6 36. Re3 Re8 1/2-1/2

[Event "First Saturday 2011 marcius IM"]
[Site "Budapest"]
[Date "2011.03.15"]
[Round "11"]
[White "Tran, Tuan Minh"]
[Black "Lengyel, Bela"]
[Result "0-1"]
[WhiteElo "2295"]
[BlackElo "2296"]
[PlyCount "82"]
[EventDate "2011.03.05"]

1. d4 d5 2. Bf4 Nf6 3. e3 c5 4. dxc5 Nc6 5. Bb5 e6 6. Qd4 Be7 7. Nd2 O-O 8.
Bxc6 bxc6 9. b4 a5 10. a3 Ba6 11. Ngf3 Nd7 12. Bd6 Bxd6 13. cxd6 Qb8 14. Ne5
Nxe5 15. Qxe5 axb4 16. Rb1 Qb5 17. c4 dxc4 18. Qxb5 Bxb5 19. axb4 Rfd8 20. Ne4
f5 21. Nc5 Rxd6 22. O-O Ra2 23. Rfd1 Rxd1+ 24. Rxd1 c3 25. g4 fxg4 26. Kg2 c2
27. Rc1 Be2 28. Kg3 Kf7 29. Kf4 Rb2 30. Ke5 Bd1 31. Nd3 Rb3 32. Kd4 Kf6 33. Kc4
Rb1 34. Kc3 Kf5 35. Kd2 Ke4 36. Nc5+ Kf3 37. Nxe6 Kxf2 38. Nc5 Kg2 39. e4 Kxh2
40. e5 Rxc1 41. Kxc1 g3 0-1

[Event "First Saturday 2011 marcius IM"]
[Site "Budapest"]
[Date "2011.03.15"]
[Round "11"]
[White "Tesik, Csaba"]
[Black "Koczo, Kristof"]
[Result "0-1"]
[WhiteElo "2295"]
[BlackElo "2264"]
[PlyCount "136"]
[EventDate "2011.03.05"]

1. e4 c6 2. d4 d5 3. e5 e6 4. c4 dxc4 5. Bxc4 Ne7 6. Nf3 Nd5 7. O-O b6 8. Qe2
a5 9. Bg5 Be7 10. Bxe7 Qxe7 11. Nbd2 Ba6 12. Rfc1 Bxc4 13. Rxc4 O-O 14. Rac1
Ra7 15. Ne4 h6 16. a3 Rd8 17. h4 Rad7 18. g3 Nc7 19. Kg2 Nb5 20. Qe3 Rd5 21. a4
Nc7 22. Qf4 Nca6 23. h5 Nb4 24. Rh1 Nd3 25. Qg4 Nxb2 26. Nf6+ Kh8 27. Nxd5 Rxd5
28. Rcc1 Nxa4 29. Qf4 b5 30. g4 Nb2 31. Rcg1 c5 32. Kf1 Nc6 33. g5 hxg5 34.
Nxg5 Rxd4 35. Qg3 Rd1+ 36. Kg2 Rd3 37. Qf4 Rd4 38. Qg3 Nd3 39. Nf3 Rf4 40. Kf1
Qf8 41. Rh2 c4 42. Nh4 Rxh4 43. Rxh4 Ncxe5 44. f4 Nc6 45. Qg5 Ne7 46. Rhg4 Nf5
47. h6 gxh6 48. Qf6+ Kh7 49. Ke2 a4 50. Rh1 a3 51. Rh5 Nxf4+ 52. Rxf4 Ng3+ 53.
Kd1 Nxh5 54. Qxf7+ Qxf7 55. Rxf7+ Kg6 56. Ra7 Nf4 57. Rxa3 Nd5 58. Ra8 e5 59.
Rd8 Ne3+ 60. Ke2 Nc2 61. Kf3 Kf5 62. Rf8+ Ke6 63. Ke4 b4 64. Rh8 Kd6 65. Rxh6+
Kc5 66. Rh8 b3 67. Kxe5 b2 68. Rh1 Na3 0-1

[Event "First Saturday 2011 marcius IM"]
[Site "Budapest"]
[Date "2011.03.15"]
[Round "11"]
[White "Farago, Sandor"]
[Black "Lyell, Mark"]
[Result "1-0"]
[WhiteElo "2295"]
[BlackElo "2181"]
[PlyCount "43"]
[EventDate "2011.03.05"]

1. d4 d5 2. Nf3 e6 3. b3 c5 4. e3 Nf6 5. Bb2 cxd4 6. exd4 Nc6 7. a3 Bd6 8. Bd3
O-O 9. O-O Ne7 10. Nbd2 Ng6 11. g3 b6 12. Re1 Bb7 13. Ng5 Rc8 14. h4 Re8 15.
Ndf3 Ng4 16. Nxf7 Kxf7 17. Ng5+ Kg8 18. Qxg4 Qf6 19. Nxh7 Kxh7 20. Qh5+ Kg8 21.
Bxg6 Red8 22. Re3 1-0

[Event "First Saturday 2011 marcius IM"]
[Site "Budapest"]
[Date "2011.03.15"]
[Round "11"]
[White "Szalanczy, Emil"]
[Black "Rzayev, Bahruz"]
[Result "0-1"]
[WhiteElo "2269"]
[BlackElo "2230"]
[PlyCount "94"]
[EventDate "2011.03.05"]

1. e4 e5 2. Nf3 Nc6 3. Bb5 a6 4. Ba4 d6 5. O-O Bd7 6. c3 g6 7. d4 Bg7 8. d5
Nce7 9. c4 h6 10. Nc3 f5 11. b4 Nf6 12. c5 O-O 13. Nd2 f4 14. f3 g5 15. Bb3 Kh7
16. h3 h5 17. Kf2 g4 18. hxg4 hxg4 19. Nc4 Kg6 20. Rh1 Rh8 21. Bd2 Nh5 22. Qg1
a5 23. bxa5 dxc5 24. a4 Ng3 25. Rxh8 Qxh8 26. Ke1 Qh5 27. Kd1 gxf3 28. gxf3
Qxf3+ 29. Kc2 Bf6 30. Re1 Nef5 31. exf5+ Bxf5+ 32. Kb2 e4 33. Bc2 Bd4 34. Qxd4
cxd4 35. Ne5+ Kh5 36. Nxf3 dxc3+ 37. Bxc3 exf3 38. Bd1 Bg4 39. Re7 f2 40. Rh7+
Kg5 41. Rg7+ Kh6 42. Rxg4 f1=Q 43. Bc2 Re8 44. Bf6 Ne4 45. Bd4 Qc4 46. Bg7+ Kh7
47. Bf6 Qxd5 0-1